Biggest Cities in the Americas by Letter - C - Statistics

General Stats
  • This quiz has been taken 151 times
    76 since last reset
  • The average score is 11 of 20
Answers on the Map
Answers color-coded by a green-red scale on the quiz's map according to % correct below.
 
Answer Stats
Population Country Urban Area % Correct
9,031,458 United States Chicago
100%
1,778,881 Canada Calgary
91%
1,985,992 United States Cincinnati
89%
2,096,756 United States Columbus
89%
2,170,408 United States Charlotte
88%
1,879,727 United States Cleveland
88%
3,344,500 Venezuela Caracas
84%
2,691,668 Colombia Cali
73%
1,641,558 Argentina Córdoba
70%
3,515,844 Brazil Curitiba
67%
988,065 Mexico Chihuahua
55%
1,036,100 Colombia Cartagena
52%
2,719,372 Brazil Campinas
41%
1,424,509 Bolivia Cochabamba
38%
1,032,550 Chile Concepción
28%
989,900 Colombia Cúcuta
17%
954,537 Brazil Campo Grande
16%
1,003,530 Mexico Culiacán
16%
997,559 Brazil Cuiabá
14%
1,121,551 Mexico Cuernavaca
13%
No matching quizzes found
Score Distribution
Percent of People with Each Score
Percentile by Number Answered
Your Score History
You have not taken this quiz since the last reset